[Event "Brasschaat op 15th"]
[Site "Brasschaat"]
[Date "2015.08.17"]
[Round "3"]
[White "Dockx, Michel"]
[Black "Godde, Matthias"]
[Result "1-0"]
[WhiteElo "1542"]
[BlackElo "1545"]
[PlyCount "79"]
[EventDate "2015.08.15"]
[EventType "swiss"]
[EventRounds "9"]
[EventCountry "BEL"]
[SourceTitle "EXT 2016"]
[Source "ChessBase"]
[SourceDate "2015.10.08"]
[SourceVersion "1"]
[SourceVersionDate "2015.10.08"]
[SourceQuality "1"]

1. d4 Nf6 2. Nf3 e6 3. c4 b6 4. Nc3 Bb4 5. e3 0-0 6. Bd3 Bb7 7. 0-0 d5 8. a3 Bxc3 9. bxc3 Nbd7 10. Re1 Rc8 11. Nd2 c5 12. a4 dxc4 13. Bxc4 Nd5 14. Qb3 a5 15. Ba3 Qc7 16. Rac1 Rfd8 17. Bb5 Qb8 18. Bb2 N7f6 19. e4 Ng4 20. g3 Ndf6 21. Qd1 Nh6 22. e5 Nd5 23. Ne4 Nf5 24. Qg4 Qa8 25. Bf1 g6 26. c4 Nde7 27. Nf6+ Kg7 28. Qg5 Ng8 29. h4 h6 30. Qf4 Nxf6 31. exf6+ Kh7 32. d5 exd5 33. h5 Rg8 34. hxg6+ fxg6 35. Re6 dxc4 36. Rce1 Rge8 37. Rxe8 Rxe8 38. Qc7+ Ne7 39. Rxe7+ Rxe7 40. Qxe7+ 1-0

[Event "Brasschaat op 15th"]
[Site "Brasschaat"]
[Date "2015.08.16"]
[Round "2"]
[White "Kloosterboer, Nico"]
[Black "Dockx, Michel"]
[Result "1-0"]
[WhiteElo "1767"]
[BlackElo "1542"]
[PlyCount "47"]
[EventDate "2015.08.15"]
[EventType "swiss"]
[EventRounds "9"]
[EventCountry "BEL"]
[SourceTitle "EXT 2016"]
[Source "ChessBase"]
[SourceDate "2015.10.08"]
[SourceVersion "1"]
[SourceVersionDate "2015.10.08"]
[SourceQuality "1"]

1. d4 Nf6 2. Bf4 d6 3. c3 b6 4. Nd2 Bb7 5. Qc2 Nbd7 6. Ngf3 e6 7. e3 Be7 8. Bd3 a5 9. 0-0 Ba6 10. e4 Bxd3 11. Qxd3 0-0 12. c4 Nh5 13. Be3 f5 14. exf5 exf5 15. Nb1 f4 16. Bd2 c5 17. Nc3 Rf7 18. Rfe1 cxd4 19. Nxd4 Nc5 20. Qf3 g6 21. Nc6 Qf8 22. Nxe7+ Rxe7 23. Rxe7 Qxe7 24. Qxa8+ 1-0

[Event "Brasschaat op 05th"]
[Site "Brasschaat"]
[Date "2005.08.20"]
[Round "1"]
[White "Dockx, Michel"]
[Black "Peleman, Tony"]
[Result "0-1"]
[WhiteElo "1685"]
[BlackElo "2130"]
[PlyCount "86"]
[EventDate "2005.08.20"]
[EventType "swiss"]
[EventRounds "9"]
[EventCountry "BEL"]
[SourceTitle "CBM 108 Extra"]
[Source "ChessBase"]
[SourceDate "2005.11.04"]
[SourceVersion "1"]
[SourceVersionDate "2005.11.04"]
[SourceQuality "1"]

1. e4 c5 2. Nf3 d6 3. d4 cxd4 4. Nxd4 Nf6 5. Nc3 a6 6. Bg5 e6 7. Qd2 Be7 8. Bd3 Qc7 9. f3 Nbd7 10. 0-0-0 b5 11. Nb3 Rb8 12. h4 Ne5 13. Be2 Bd7 14. Bxf6 gxf6 15. g4 a5 16. f4 Nc4 17. Bxc4 Qxc4 18. Nxa5 Qc7 19. b4 0-0 20. Rdg1 Rfc8 21. Rg3 d5 22. a3 d4 23. Ne2 e5 24. f5 Bc6 25. Qd3 Ra8 26. g5 Kh8 27. Rg4 Rxa5 28. bxa5 Qxa5 29. g6 Bxa3+ 30. Kd1 Bb2 31. Nc1 Bxc1 32. Kxc1 Qa1+ 33. Kd2 Qxh1 34. gxf7 Qa1 35. Qb3 Qc3+ 36. Qxc3 dxc3+ 37. Ke3 b4 38. Rg1 Rb8 39. Kd3 Bb5+ 40. Ke3 Bc4 41. Rg8+ Rxg8 42. fxg8Q+ Kxg8 43. h5 Kg7 0-1

[Event "Brasschaat op 04th"]
[Site "Brasschaat"]
[Date "2004.08.27"]
[Round "7"]
[White "Dockx, Michel"]
[Black "Baete, Julien"]
[Result "1/2-1/2"]
[WhiteElo "1633"]
[BlackElo "1689"]
[PlyCount "40"]
[EventDate "2004.08.21"]
[EventType "swiss"]
[EventRounds "9"]
[EventCountry "BEL"]
[SourceTitle "EXT 2017"]
[Source "ChessBase"]
[SourceDate "2016.10.25"]
[SourceVersion "1"]
[SourceVersionDate "2016.10.25"]
[SourceQuality "1"]

1. d4 Nf6 2. Nf3 g6 3. c4 Bg7 4. Nc3 0-0 5. e4 d6 6. Be2 Nbd7 7. 0-0 e5 8. d5 Nc5 9. Qc2 a5 10. Be3 b6 11. Nd2 Ne8 12. f4 f5 13. fxe5 Bxe5 14. Bf4 Bg7 15. Nf3 Qe7 16. Bg5 Bf6 17. Bxf6 Qxf6 18. Rae1 fxe4 19. Nxe4 Nxe4 20. Qxe4 Bf5 1/2-1/2